• 首页
  • 本馆介绍
  • 公告通知
  • 最新文献
  • 馆藏检索
  • 电子资源
  • 读者导购
  • 参考咨询
  • 我的图书馆
  • 登录
  • 详细信息显示
  • 放入我的书架
  • 预约/预借图书
  • 作者相关作品
  • 分类相关作品
  • 丛书相关作品
  • 出版社相关作品

书目信息

  • 表格格式
  • 工作单格式
  • 卡片格式
题名:
服装展示设计
    
 
作者: 靳长缨 , 唐怡 编著 ;全国高等职业技术师范学院服装设计与工艺专业教材编写组 编
分册:  
出版信息: 北京   高等教育出版社  2000
页数: 101,16页
开本: 26cm
丛书名:
单 册:
中图分类: TS941.2 , TS941.63
科图分类:
主题词: 服装设计--高等学校--教材 , 服装量裁--高等学校--教材
电子资源:
ISBN: 7-04-007838-4
000 01229nam0 2200301 450
001 0100037003
005 20110615105528.0
010    @a7-04-007838-4@dCNY16.10
011    @a7-04-007838-4
100    @a20021005d2000 em y0chiy0110 ea
101 0  @achi
102    @aCN@b110000
105    @af z 000yy
106    @ar
200 1  @a服装展示设计@9Fu Zhuang Zhan Shi She Ji @e非成形服装设计与制作@f靳长缨,唐怡编著@g全国高等职业技术师范学院服装设计与工艺专业教材编写组编@b专著
210    @a北京@c高等教育出版社@d2000
215    @a101,16页@c图@d26cm
300    @a教育部规划教材 高等职业技术院校服装设计与工艺专业
330    @a本书介绍非成形服装设计与制作,以及在展示方面的应用,内容包括概述、五种基本技法、非成形服装的制作方法、创作方法、实际应用等。
606 0  @a服装设计@x高等学校@x教材
606 0  @a服装量裁@x高等学校@x教材
690    @aTS941.2@v4
690    @aTS941.63@v4
701  0 @a靳长缨@9jin chang ying@4编著
701  0 @a唐怡@9tang yi@4编著
712 02 @a全国高等职业技术师范学院服装设计与工艺专业教材编写组@9quan guo gao deng zhi ye ji shu shi fan xue yuan fu zhuang she ji yu gong yi zhuan ye jiao cai bian xie zu@4编
801  0 @aCN@bAiZhiMarc@c20000906
905    @aBZT@dTS941.2@e155@f2@sTS941.2/155
    
    服装展示设计:非成形服装设计与制作/靳长缨,唐怡编著/全国高等职业技术师范学院服装设计与工艺专业教材编写组编.-北京:高等教育出版社,2000
    101,16页:图;26cm
    教育部规划教材 高等职业技术院校服装设计与工艺专业
    
    ISBN 7-04-007838-4:CNY16.10
    本书介绍非成形服装设计与制作,以及在展示方面的应用,内容包括概述、五种基本技法、非成形服装的制作方法、创作方法、实际应用等。
●
相关链接 在五车中查询图书 在当当中查询图书 在豆瓣中查询图书


正题名:服装展示设计     索取号:TS941.2/155         预约/预借

序号 登录号 条形码 馆藏地/架位号 状态 备注
1 2000060873   2000060873   旧书回溯/ [索取号:TS941.2/155] 在馆    
2 2000064417   2000064417   旧书回溯/ [索取号:TS941.2/155] 在馆    
山东省滨州职业学院图书馆 欢迎您!
大连网信软件有限公司© 版权所有